=LDR 00000nam 2200000 4500 =001 INLIS000000000054754 =005 20200224070209 =035 ##$$a 0010-0220000316 =007 ta =008 200224###########################0#ind## =020 ##$$a 978-602-407-104-2 =082 ##$$a 153.8 =084 ##$$a 153.8 Zia s =245 1#$$a Sabar itu super : $b Aktipasi sabar dalam segala aspek kehidupan /$c Zian Farodis =250 ##$$a Cet 1 =300 ##$$a 188 halaman ; $c 20 Cm. =650 #4$$a Motivasi =700 #$$a Dan Wiliam =504 ##$$a Bibliogrfi : halaman 183 - 186 =264 ##$$a Yogyakarta :$b laksana,$c 2017 =336 ##$$a teks$2 rdacontent =337 ##$$a lain-lain$2 rdamedia =338 ##$$a lain-lain$2 rdacarrier =990 ##$$a 12791279 =990 ##$$a 12791279